| 000 | 00948cam a22002411i 4500 | ||
|---|---|---|---|
| 003 | SA-RiAUC | ||
| 005 | 20260113124955.0 | ||
| 008 | 260105q19001999su g 00000 ara c | ||
| 040 |
_aSA-JeALM _bara _cSA-RiAUC _erda |
||
| 082 | 0 | 4 | _a237.3 |
| 090 |
_aم ن 237.3 _bج ل ا |
||
| 100 | 1 |
_aالجلال السيوطي، عبد الرحمن بن أبي بكر بن محمد، _d849-911 هجري _eمؤلف. |
|
| 245 | 1 | 0 |
_aسهام الإصابة في الدعوات المستجابة / _cجلال الدين السيوطي. |
| 264 | 1 |
_aالقاهرة : _bمكتبة الجندى _c[1954] |
|
| 300 |
_a48 صفحة ؛ _c24 سم |
||
| 336 |
_aنص _btxt _2rdacontent _3كتاب |
||
| 337 |
_aبدون وسيط _bn _2rdamedia |
||
| 338 |
_aمجلد _bnc _2rdacarrier |
||
| 650 | 7 |
_aالأدعية والأوراد _2aucsh |
|
| 650 | 7 |
_aالوعظ والإرشاد _2aucsh |
|
| 942 |
_2ddc _cRBOOK COPY _n0 |
||
| 949 |
_aSA-JeALM _d260105 _umohamedma123 _n1 |
||
| 999 |
_c14022 _d14022 |
||